TNI CEN/TR 17512: 2021 (83 2786), Osobné ochranné prostriedky. Inteligentné odevy. Termíny a definície.
Saved in:
| Corporate Author: | |
|---|---|
| Other Authors: | |
| Format: | Norma |
| Language: | Slovak English |
| Published: |
Bratislava :
Úrad pre normalizáciu, metrológiu a skúšobníctvo Slovenskej republiky,
2021.
|
| Subjects: | |
| Physical Description: |
16 strán. |
| Tags: |
Add Tag
No Tags, Be the first to tag this record!
|
Titul je dostupný aj v ... 

MARC
| LEADER | 00000nam a2200000 a 4500 | ||
|---|---|---|---|
| 001 | 000669621 | ||
| 003 | SVKKK | ||
| 005 | 20211013141429.0 | ||
| 008 | 211007s2021 xo f u 000 0 slo c | ||
| 020 | |c (Úhrada je určená počtom strán) | ||
| 040 | |a SVKKK |b slo |c SVKKK |e AACR2 | ||
| 041 | 1 | |a slo |h eng | |
| 044 | |a xo |c SK | ||
| 046 | |a s |m 20211001 (účin. ) | ||
| 080 | |a 614.89 |2 2001 | ||
| 080 | |a 006.7/.8 |2 2011 | ||
| 080 | |a (437.6) |2 2011 | ||
| 080 | |a (4) |2 2011 | ||
| 084 | |a 01.040.59 |2 ICS | ||
| 084 | |a 13.340.10 |2 ICS | ||
| 084 | |a 01.040.13 |2 ICS | ||
| 084 | |a 59.080.80 |2 ICS | ||
| 130 | 0 | |a TNI 83 2786 (TNI CEN/TR 17512) | |
| 245 | 1 | 0 | |a TNI CEN/TR 17512: 2021 (83 2786), Osobné ochranné prostriedky. Inteligentné odevy. Termíny a definície. |
| 246 | 1 | 0 | |a Osobné ochranné prostriedky |
| 246 | 1 | 0 | |a Inteligentné odevy |
| 246 | 1 | 0 | |a Termíny a definície |
| 246 | 3 | 0 | |a idt CEN/TR 17512:2020 |
| 260 | |a Bratislava : |b Úrad pre normalizáciu, metrológiu a skúšobníctvo Slovenskej republiky, |c 2021. | ||
| 300 | |a 16 strán. | ||
| 500 | |a Súbežný názov v angličtine, francúzštine, nemčine | ||
| 540 | |a STN vydané na akomkoľvek nosiči sa môžu rozmnožovať a rozširovať iba so súhlasom určenej právnickej osoby |b SÚTN Bratislava |c zákon 60/2018 Z. z. | ||
| 500 | |a Spracovateľ: Natália Kočanová | ||
| 500 | |a Táto technická normalizačná informácia nahrádza anglickú verziu TNI CEN/TR 17512 zo septembra 2020 v celom rozsahu | ||
| 504 | |a Literatúra s. 13 | ||
| 655 | 7 | |a normy |2 SNKPH | |
| 650 | 0 | 7 | |a ochranné pracovné prostriedky |
| 650 | 0 | 7 | |a technické normy a štandardy |z Slovensko |
| 650 | 0 | 7 | |a technické normy a štandardy |z krajiny Európskej únie |
| 650 | 0 | 7 | |a inteligentné odevy |
| 650 | 0 | 7 | |a Personal protective equipment |
| 700 | 1 | |a Kočanová, Natália |4 trl | |
| 710 | 1 | |a Slovensko. |b Úrad pre normalizáciu, metrológiu a skúšobníctvo |4 stn | |
| 710 | 2 | |a Slovenský ústav technickej normalizácie (Bratislava, Slovensko). |b Technická komisia č. 91 Osobné ochranné prostriedky |4 stn | |
| 710 | 2 | |a CENISO (Bratislava, Slovensko) | |
| 910 | |a svkkk | ||
| 998 | |a NO | ||
| 090 | |g SCKHL |k Normy Pribinova 1 |a TNI CEN/TR 17512 |j 12181 |i 2720814455 |s Normy-prez. | ||